000 00669nam a22001817a 4500
003 UA-OsUOA
001 16416
007 ta
008 20040110b un ||||| |||| 00| 0 ukr d
100 _aЦимбалюк Є.
942 _cSA
040 _aUA-OsUOA
_cUA-OsUOA
_dUA-OsUOA
245 _aОстанній заповіт над "Козацькими могилами"
_b[Про першого будівничого "Козацьких могил" о.Віталія (Максименко)]
300 _aС.17
955 _a0
773 0 _w0
_tВільне слово
_dРівне
_d2003
_g№100 /19 груд./
650 7 _aКозацькі Могили
_2UDC
999 _c302581
_d302581